Learning job skills from colleagues at work: evidence from a field experiment using teacher performance data (Record no. 514176)

000 -LEADER
fixed length control field 01268nam a22001577a 4500
008 - FIXED-LENGTH DATA ELEMENTS--GENERAL INFORMATION
fixed length control field 201012b ||||| |||| 00| 0 eng d
100 ## - MAIN ENTRY--PERSONAL NAME
Personal name Papay, John P. et al
245 ## - TITLE STATEMENT
Title Learning job skills from colleagues at work: evidence from a field experiment using teacher performance data
260 ## - PUBLICATION, DISTRIBUTION, ETC. (IMPRINT)
Place of publication, distribution, etc American Economic Journal: Economic Policy
300 ## - PHYSICAL DESCRIPTION
Extent 12(1), Feb, 2020: p. 359-388
520 ## - SUMMARY, ETC.
Summary, etc We study a program designed to encourage learning from coworkers among school teachers. In an experiment, we document gains in job performance when high- and low-skilled teachers are paired and asked to work together on improving their skills. Pairs are matched on specific skills measured in prior evaluations. Each pair includes a target teacher who scores low in one or more of 19 skills and a partner who scores high in (many of) the target's deficient skills. Student achievement improved 0.12 standard deviations in low-skilled teachers' classrooms. Improvements are likely the result of target teachers learning skills from their partner. - Reproduced
650 ## - SUBJECT ADDED ENTRY--TOPICAL TERM
Topical term or geographic name as entry element Human capital, Skills, Occupational choice, Labor productivity, Personnel economics
9 (RLIN) 18563
773 ## - HOST ITEM ENTRY
Main entry heading American Economic Journal: Economic Policy
906 ## - LOCAL DATA ELEMENT F, LDF (RLIN)
Subject DIP TRAINING
942 ## - ADDED ENTRY ELEMENTS (KOHA)
Item type Articles
Holdings
Withdrawn status Lost status Source of classification or shelving scheme Damaged status Not for loan Permanent location Current location Date acquired Serial Enumeration / chronology Barcode Date last seen Koha item type
          Indian Institute of Public Administration Indian Institute of Public Administration 2020-10-12 12(1), Feb, 2020: p. 359-388 AR123223 2020-10-12 Articles

Powered by Koha